|
|
|
|
| LEADER |
00000cam a2200000 a 4500 |
| 001 |
vtls010276626 |
| 003 |
SK-MaSNL |
| 005 |
20260301031729.0 |
| 008 |
240315s2011 xo l d p 001 0 slo |
| 015 |
|
|
|a SNBA2011/08-04247
|
| 020 |
|
|
|a 9788022329316
|q (brož.)
|
| 035 |
|
|
|a 7D45FCE8-E3F1-440E-84D6-A40FC20705C7
|
| 035 |
|
|
|a urn:nbn:sk:snk-amjhrj
|
| 035 |
|
|
|a urn:nbn:sk:snk-am001ybn
|
| 040 |
|
|
|a SNK
|b slo
|c SNK
|e AACR2
|
| 041 |
0 |
|
|a slo
|
| 044 |
|
|
|a xo
|c SK
|
| 072 |
|
7 |
|a 519
|x Kombinatorika. Teória grafov. Matematická štatistika. Operačný výskum. Matematické modelovanie
|2 konspekt
|
| 080 |
|
|
|a 519.21
|2 2001
|
| 080 |
|
|
|a 519.22
|2 2001
|
| 080 |
|
|
|a (075.8)
|2 2001
|
| 100 |
1 |
|
|a Janková, Katarína,
|d 1962-
|4 aut
|9 194561
|
| 245 |
1 |
0 |
|a Pravdepodobnosť a štatistika
|c Katarína Janková, Andrej Pázman
|
| 250 |
|
|
|a 1. vyd.
|
| 260 |
|
|
|a Bratislava
|b Univerzita Komenského
|c 2011
|
| 300 |
|
|
|a 149 s.
|b sch.
|c 24 cm
|
| 366 |
|
|
|e 150 výt.
|
| 504 |
|
|
|a Bibliogr. s. 146. Reg.
|
| 650 |
0 |
7 |
|a teória pravdepodobnosti
|2 SNKPH
|9 104068
|
| 650 |
0 |
7 |
|a matematická štatistika
|2 SNKPH
|9 777
|
| 650 |
0 |
7 |
|a Probability theory
|2 SNKPHeng
|9 275380
|
| 650 |
0 |
7 |
|a Mathematical statistics
|2 SNKPHeng
|9 313003
|
| 655 |
|
7 |
|a učebnice vysokých škôl
|2 SNKPH
|9 70191
|
| 655 |
|
7 |
|a Textbooks (higher)
|2 SNKPHeng
|9 276436
|
| 700 |
1 |
|
|a Pázman, Andrej,
|d 1938-
|4 aut
|9 222676
|
| 852 |
|
|
|a Štátna vedecká knižnica v Banskej Bystrici
|
| 919 |
|
|
|a 978-80-223-2931-6
|
| 958 |
|
|
|a NB
|
| 968 |
|
|
|d 51
|
| 999 |
|
|
|c 577218
|d 579148
|
| 952 |
|
|
|a SNK
|b SNK
|y PREZ
|7 0
|p 17A0703801
|o snkSC 145600
|i snk2011/12183
|8 0
|0 0
|1 0
|4 0
|d 2011-05-25
|l 0
|r 2025-07-15 00:00:00
|w 2026-02-23
|
| 952 |
|
|
|a SNK
|b SNK
|y VYP
|7 0
|p 17A0703802
|o snkSC 145600 D1
|i snk2011/12184
|8 0
|0 0
|1 0
|4 0
|d 2011-05-25
|l 0
|r 2026-02-23 14:37:38
|w 2026-02-23
|